Eye on America. Monday, February 27, 1995 /

This episode focuses on: Handguns in America & Brady Bill.

Bibliographic Details
Other Authors: Caravello, David (Producer)
Format: Video
Language:English
Language Notes:In English.
Published: New York, NY : Columbia Broadcasting System (CBS), 1995.
Series:Eye On America
Subjects:
Online Access:Connect to this streaming video (Alexander Street Press)

MARC

Tag First Indicator Second Indicator Subfields
LEADER 00000cgm a2200000Mi 4500
001 in00005605521
006 m o c
007 cr |n||||||||a
007 vz |za|z|
008 240418s1995 nyu005 e o vneng d
005 20241201234515.1
035 |a (OCoLC)on1433168247 
040 |a ALSTP  |b eng  |e rda  |c ALSTP  |d OCLCO  |d DXU 
019 |a 1443999071 
035 |a (OCoLC)1433168247  |z (OCoLC)1443999071 
049 |a TXAM 
245 0 0 |a Eye on America.  |p Monday, February 27, 1995 /  |c producer, David Caravello. 
246 3 3 |a CBS evening news 
246 3 0 |a Monday, February 27, 1995 
264 1 |a New York, NY :  |b Columbia Broadcasting System (CBS),  |c 1995. 
300 |a 1 online resource (5 minutes) 
306 |a 000440 
336 |a two-dimensional moving image  |b tdi  |2 rdacontent 
337 |a computer  |b c  |2 rdamedia 
337 |a video  |b v  |2 rdamedia 
338 |a online resource  |b cr  |2 rdacarrier 
347 |a video file  |2 rdaft 
490 0 |a Eye On America 
511 0 |a Reporter, Jim Stewart ; presenter, Connie Chung. 
518 |a Originally broadcast on February 27, 1995. 
588 0 |a Title from resource description page (viewed April 18, 2024). 
520 |a This episode focuses on: Handguns in America & Brady Bill. 
546 |a In English. 
600 1 0 |a Brady, James S. 
650 0 |a Gun control  |z United States. 
650 0 |a Firearms  |x Law and legislation  |z United States. 
650 6 |a Armes à feu  |x Contrôle  |z États-Unis. 
655 7 |a Television news programs.  |2 lcgft 
655 7 |a Téléjournaux.  |2 rvmgf 
700 1 |a Brady, James S.,  |e interviewee. 
700 1 |a Chung, Connie,  |d 1946-  |e on-screen presenter. 
700 1 |a Caravello, David,  |e producer. 
710 2 |a CBS News,  |e production company. 
730 0 |i In series:  |a CBS evening news (Television program) 
856 4 0 |u http://proxy.library.tamu.edu/login?url=https://www.aspresolver.com/aspresolver.asp?MARC;5543085  |z Connect to this streaming video (Alexander Street Press)  |t 0 
955 |a Alexander Street Press subscription streaming video 
994 |a 92  |b TXA 
999 f f |s 63a057dc-75af-42ab-b1d3-ccd171a2de59  |i afce982e-f191-45e1-81e3-d9a95a8ad6e5  |t 0 
952 f f |a Texas A&M University  |b College Station  |c Electronic Resources  |d Available Online  |t 0  |h Library of Congress classification 
998 f f |t 0  |l Available Online